[Event "Guernsey Holiday op"]
[Site "Grand Harve Bay"]
[Date "2006.10.20"]
[Round "6"]
[White "Forbes, Garry"]
[Black "Heymuth, Manfred"]
[Result "0-1"]
[WhiteElo "1700"]
[BlackElo "1633"]
[PlyCount "109"]
[EventDate "2006.10.15"]
[EventType "swiss"]
[EventRounds "7"]
[EventCountry "GCI"]
[SourceTitle "EXT 2008"]
[Source "ChessBase"]
[SourceDate "2007.11.25"]
[SourceVersion "1"]
[SourceVersionDate "2007.11.25"]
[SourceQuality "1"]

1. d4 c6 2. Nf3 d5 3. Bf4 Nf6 4. e3 Bf5 5. c4 dxc4 6. Bxc4 Qb6 7. Qb3 Qxb3 8. Bxb3 h6 9. Nc3 Nbd7 10. 0-0 Rc8 11. Rfe1 Nh5 12. Bg3 Nxg3 13. hxg3 e6 14. e4 Bg4 15. Nh2 Bh5 16. g4 Bg6 17. d5 Nc5 18. dxe6 Nxe6 19. Rad1 Rd8 20. Rxd8+ Kxd8 21. a3 Kc7 22. Rd1 Be7 23. Nf3 Rd8 24. Rxd8 Nxd8 25. Ne5 Bh7 26. Nxf7 Nxf7 27. Bxf7 Bf6 28. f3 Kd6 29. Kf1 Ke7 30. Ba2 Bg6 31. Ke2 Bf7 32. Bxf7 Kxf7 33. Kd3 Ke6 34. f4 b5 35. e5 Be7 36. Ke4 b4 37. axb4 Bxb4 38. f5+ Kf7 39. Na2 Bd2 40. Kd4 Ke7 41. Kc5 Kd7 42. e6+ Kc7 43. Kd4 Bg5 44. b4 Kd6 45. Ke4 a6 46. Kd4 Bf6+ 47. Ke4 c5 48. bxc5+ Kxc5 49. Kd3 g5 50. Kc2 Kc4 51. Nc3 Be7 52. Ne2 Bd6 53. g3 a5 54. Nf4 Kc5 55. Ng6 0-1

[Event "Guernsey Holiday op"]
[Site "Grand Harve Bay"]
[Date "2006.10.19"]
[Round "5"]
[White "Carlucci, Paul A"]
[Black "Heymuth, Manfred"]
[Result "1-0"]
[WhiteElo "1728"]
[BlackElo "1633"]
[PlyCount "97"]
[EventDate "2006.10.15"]
[EventType "swiss"]
[EventRounds "7"]
[EventCountry "GCI"]
[SourceTitle "EXT 2008"]
[Source "ChessBase"]
[SourceDate "2007.11.25"]
[SourceVersion "1"]
[SourceVersionDate "2007.11.25"]
[SourceQuality "1"]

1. d4 c6 2. Nf3 d5 3. e3 Bf5 4. Be2 Nf6 5. 0-0 Nbd7 6. b3 h6 7. Bb2 e6 8. Nbd2 Bd6 9. Ne5 0-0 10. a3 Ne4 11. c4 Nxd2 12. Qxd2 Rc8 13. Nxd7 Qxd7 14. c5 Bc7 15. Bd3 Bxd3 16. Qxd3 Qe7 17. f4 f5 18. Bc3 Rf6 19. Be1 Rg6 20. Ra2 Bd8 21. Rf3 Qf7 22. b4 a6 23. a4 Ra8 24. Rff2 Bh4 25. g3 Bd8 26. Rg2 Rf6 27. g4 Rg6 28. h3 fxg4 29. hxg4 Qe8 30. Rae2 Rf6 31. g5 hxg5 32. fxg5 Qg6 33. e4 Rf7 34. Qh3 Bxg5 35. Bd2 Qh6 36. Qxh6 gxh6 37. Bxg5 hxg5 38. exd5 exd5 39. Rxg5+ Rg7 40. Rxg7+ Kxg7 41. Re7+ Kf6 42. Rxb7 Kf5 43. Rb6 a5 44. b5 cxb5 45. axb5 a4 46. Ra6 Rxa6 47. bxa6 Ke4 48. a7 Kxd4 49. c6 1-0